Penilaian untuk kadaran : kaedah perbandingan

Bibliographic Details
Main Author: Nawawi Bin Haji Mohd. Arshad Muhammad
Corporate Author: INSPEN
Format: Book
Published: 1977
Subjects:
Online Access:http://app.inspen.gov.my:7779/pls/portal/docs/PAGE/CORPORATEPAGES/PORTAL_INSPEN/LAPORAN_PENYELIDIKAN_DI_PERPUSTAKAAN/CO.PDF

MARC

LEADER 00000cam a2200000 7i4500
001 0000007491
005 20071030.0
040 |a INS 
090 0 0 |a RESEARCH 177 
100 0 |a Nawawi Bin Haji Mohd. Arshad Muhammad 
245 1 0 |a Penilaian untuk kadaran :   |b kaedah perbandingan 
260 |c 1977 
300 |c 30cm. 
500 |a Digital document is available on-line; Please click the URL below 
650 0 0 |a Rating 
650 0 0 |a Rating   |x Valuation 
710 2 |a INSPEN 
856 |u http://app.inspen.gov.my:7779/pls/portal/docs/PAGE/CORPORATEPAGES/PORTAL_INSPEN/LAPORAN_PENYELIDIKAN_DI_PERPUSTAKAAN/CO.PDF 
999 |a RES0000256   |b BOOK   |c Research By JPPH Staff   |e Default branch 
999 |a RES0000257   |b BOOK   |c Research By JPPH Staff   |e Default branch